Statistics for Five Least Populated Capital Cities by Continent

Click here to take the quiz!

General Stats

  • This quiz has been taken 108 times
    (106 since last reset)
  • The average score is 16 of 30

Answer Stats

Capital City % Correct
Vatican City
87%
Vaduz
85%
Andorra la Vella
80%
San Marino
77%
Valletta
68%
Georgetown
67%
Paramaribo
65%
Montevideo
61%
Asunción
58%
Dili
57%
São Tomé
56%
La Paz
54%
Yaren
53%
Basseterre
53%
Victoria
51%
Saint George's
49%
Moroni
48%
Thimphu
46%
Majuro
44%
Ngerulmud
44%
Saint John's
44%
Roseau
44%
Belmopan
43%
Palikir
42%
Funafuti
41%
Malé
38%
Bandar Seri Begawan
38%
Banjul
35%
Mbabane
30%
Sri Jayawardenepura Kotte
27%

Score Distribution

Percentile by Number Answered

Percent of People with Each Score

Your Score History

You have not taken this quiz since the last reset